000 00564nam a2200217Ia 4500
005 20241129110041.0
008 241129s9999||||xx |||||||||||||| ||und||
020 _a978-964-306-195-1
037 _aTB
040 _aARTS
_beng
_cARTS
041 _aeng
_2per
084 _aNP 164R1
_qARTS
100 _aMachyani Mehmood Au.
_9727046
245 0 _aAamuzish tarah-o-tehzeeb
_cMachyani Mehmood Au.
260 _c2010
300 _a156p.
365 _aINR
_b500
650 _aArtsDrawing
_9727047
942 _cTB
_hNP 164R1
999 _c1227136
_d1227136